LIBRARY & INFORMATION CENTRE, KCAET, TAVANUR

ONLINE PUBLIC ACCESS CATALOGUE (OPAC)

Textbook of Basic Biotechnology (Record no. 14407)

MARC details
000 -LEADER
fixed length control field 00328nam a22001337a 4500
020 ## - INTERNATIONAL STANDARD BOOK NUMBER
ISBN 9789381617243
082 ## - DEWEY DECIMAL CLASSIFICATION NUMBER
Classification number 660.6
Item number BIR/TE
100 ## - MAIN ENTRY--AUTHOR NAME
Personal name Birendra Bahadur Singh
100 ## - MAIN ENTRY--AUTHOR NAME
Personal name Vinod Singh
245 ## - TITLE STATEMENT
Title Textbook of Basic Biotechnology
260 ## - PUBLICATION, DISTRIBUTION, ETC. (IMPRINT)
Place of publication New Delhi
Name of publisher Bio-Green books
Year of publication 2013
300 ## - PHYSICAL DESCRIPTION
Number of Pages 299
942 ## - ADDED ENTRY ELEMENTS (KOHA)
Koha item type Books
Holdings
Withdrawn status Lost status Damaged status Collection code Home library Current library Shelving location Date acquired Source of acquisition Cost, normal purchase price Full call number Accession Number Koha item type
        KAUAET KAUAET General Stacks 29/06/2016 Universal Research Books, Thrissur 1400.00 660.6 BIR/TE 23926 Books
free website counter